Cứ đi để lối thành đường : Câu chuyện hướng nghiệp cho người trẻ Việt Nam
Nội dung cuốn sách là những trải nghiệm sống động, những chia sẻ chân tình, tâm huyết của tác giả nhằm giúp các bạn trẻ xác định các bước chọn ngành, chọn nghề, mục tiêu nghề nghiệp.
Zapisane w:
| 1. autor: | |
|---|---|
| Format: | Książka |
| Język: | Undetermined |
| Wydane: |
Hà Nội
Thế giới
2016
|
| Hasła przedmiotowe: | |
| Etykiety: |
Dodaj etykietę
Nie ma etykietki, Dołącz pierwszą etykiete!
|
| Thư viện lưu trữ: | Trung tâm Học liệu Trường Đại học Cần Thơ |
|---|
| LEADER | 00926nam a2200217Ia 4500 | ||
|---|---|---|---|
| 001 | CTU_233410 | ||
| 008 | 210402s9999 xx 000 0 und d | ||
| 020 | |c 78000 | ||
| 082 | |a 371.42 | ||
| 082 | |b P574 | ||
| 100 | |a Phoenix Ho | ||
| 245 | 0 | |a Cứ đi để lối thành đường : | |
| 245 | 0 | |b Câu chuyện hướng nghiệp cho người trẻ Việt Nam | |
| 245 | 0 | |c Phoenix Ho | |
| 260 | |a Hà Nội | ||
| 260 | |b Thế giới | ||
| 260 | |c 2016 | ||
| 520 | |a Nội dung cuốn sách là những trải nghiệm sống động, những chia sẻ chân tình, tâm huyết của tác giả nhằm giúp các bạn trẻ xác định các bước chọn ngành, chọn nghề, mục tiêu nghề nghiệp. | ||
| 650 | |a Hướng nghiệp,Vocational guidance | ||
| 910 | |b dqhieu | ||
| 980 | |a Trung tâm Học liệu Trường Đại học Cần Thơ | ||